000 00546nam a2200181Ia 4500
003 GCL
008 140319s9999 xx 000 0 ara d
040 _aGCL /
_cGCL
082 0 4 _a001.6424
_bا ف
100 1 _aمحمد جمال احمد قبيعة
245 1 0 _aفوتو شوب /
_cمحمد جمال احمد قبيعة
300 _a256 ص
490 _a
650 0 4 _aالحاسبات الالكترونية - تصميم
650 0 4 _aالحاسبات الالكترونية - برامج
650 0 4 _aفوتو شوب
942 _2ddc
_cBK
999 _c52283
_d52283